00553 2200169 4500001002100000005001700021008004100038035002600079245005200105110005200157260007100209300002400280082000800304084001400312650004500326990001200371INLIS00000000000092320191211104928.0191211| ||| | ind  a 0010-12190000000092300cDirektorat Penolahan dan Pemasaran Hortikultura0 aDirektorat Penolahan dan Pemasaran Hortikultura aJakarta :bDirektorat Penolahan dan Pemasaran Hortikultura ,c2002 aii, 12 p. ;c21 cm.0 a614 a614 BAD h 0aQ04 - Food composition/Komposisi Makanan aaC00805